Statistics for Football Teams That Radamel Falcao Has Played For

Click here to take the quiz!

General Stats

  • This quiz has been taken 324 times
    (257 since last reset)
  • The average score is 5 of 10

Answer Stats

YearsAppearancesGoalsClub% Correct
2007- (international)10436Colombia
77%
2013-201910765Monaco
77%
2011-20136852Atletico Madrid
71%
2014-2015 (loan)264Manchester United
68%
2015-2016 (loan)111Chelsea
59%
2019-20213419Galatasaray
41%
2009-20115141Porto
41%
2021-529Rayo Vallecano
41%
2005-20099034River Plate
25%
1999-200181Lanceros Boyacá
8%

Score Distribution

Percentile by Number Answered

Percent of People with Each Score

Your Score History

You have not taken this quiz since the last reset